00820nam a22001937a 450000100060000000300080000600500170001400800410003103500190007204000260009104100080011708200210012510000200014624503360016626000500050230000290055260000190058165000260060027324BD-RjUL20211209051135.0140325s1969 kn c 000 0 eng d a(BD-RjUL)27397 aBD-RjULbengcBD-RjUL aeng a951.93bILP 19691 aIl-sŏng, Kim. aProgressive journalists of the five continents, wield your powerful revolutionary pen and sternly condemn U.S. imperialism :bcongratulatory speech made at the International Conference on the Tasks of Journalists of the Whole World in Their Fight against the Aggression of U.S. Imperialism, September 18, 1969 /cby Kim Il-sŏng. aKorea :bForeign Languages Publishing,c1969. a19 p. :bPort. ;c19 cm. 0aIl-sŏng, Kim 0aJournalism, Communist